| 000 | 00685nas a22002057a 4500 | ||
|---|---|---|---|
| 003 | OSt | ||
| 005 | 20160512185413.0 | ||
| 008 | 130409c1997 sp a|||| |||| 00| 00cat d | ||
| 040 |
_cCDMR _bcat |
||
| 110 | 2 |
_94391 _aConsell de la Informació de Catalunya |
|
| 245 | 1 |
_aFundació Consell de la Informació de Catalunya _b: informe memòria |
|
| 260 |
_aBarcelona _bFundació Consell de la Informació de Catalunya _c1997 - |
||
| 300 |
_av. _c29 cm |
||
| 310 | _aanual | ||
| 362 | _a1997 - | ||
| 500 | _aDescripció feta a partir de: any 2012 | ||
| 610 |
_94391 _aConsell de la Informació de Catalunya _vMemòries |
||
| 650 | 0 | 0 |
_9983 _aÈtica periodística _zCatalunya |
| 942 |
_cSER _2udc |
||
| 999 |
_c6067 _d6067 |
||